[Event "Open A"]
[Site "Polanica-Zdroj"]
[Date "2017.08.19"]
[Round "1.1"]
[White "Siekierski, Pawel"]
[Black "Warakomski, Tomasz"]
[Result "0-1"]
[BlackElo "2536"]
[WhiteElo "1990"]
[LiveChessVersion "1.4.8"]

1. d4 {[%clk 1:30:58]} Nf6 {[%clk 1:30:27]} 2. Nf3 {[%clk 1:31:16]} e6
{[%clk 1:29:23]} 3. c4 {[%clk 1:31:23]} b6 {[%clk 1:27:31]} 4. g3
{[%clk 1:31:41]} Ba6 {[%clk 1:27:22]} 5. b3 {[%clk 1:31:45]} Bb4+
{[%clk 1:25:26]} 6. Bd2 {[%clk 1:31:57]} Be7 {[%clk 1:25:50]} 7. Bg2
{[%clk 1:31:50]} c6 {[%clk 1:26:15]} 8. O-O {[%clk 1:30:56]} d5 {[%clk 1:26:29]}
9. Bc3 {[%clk 1:27:41]} O-O {[%clk 1:23:00]} 10. Nbd2 {[%clk 1:26:33]} Nbd7
{[%clk 1:22:33]} 11. a3 {[%clk 1:24:28]} c5 {[%clk 1:17:48]} 12. cxd5
{[%clk 1:20:47]} exd5 {[%clk 1:16:02]} 13. Re1 {[%clk 1:19:32]} Rc8
{[%clk 1:06:23]} 14. Rc1 {[%clk 1:11:33]} Re8 {[%clk 0:51:39]} 15. Bb2
{[%clk 1:03:40]} Bd6 {[%clk 0:45:47]} 16. dxc5 {[%clk 0:50:02]} bxc5
{[%clk 0:44:54]} 17. e3 {[%clk 0:47:52]} Qb6 {[%clk 0:39:43]} 18. Bh3
{[%clk 0:45:07]} Rcd8 {[%clk 0:37:14]} 19. Qc2 {[%clk 0:44:49]} Bf8
{[%clk 0:35:27]} 20. Bf5 {[%clk 0:38:31]} g6 {[%clk 0:28:27]} 21. Bxd7
{[%clk 0:34:05]} Nxd7 {[%clk 0:28:09]} 22. Qc3 {[%clk 0:33:59]} f6
{[%clk 0:26:39]} 23. a4 {[%clk 0:28:22]} Ne5 {[%clk 0:24:35]} 24. Nxe5
{[%clk 0:28:27]} fxe5 {[%clk 0:25:00]} 25. Qc2 {[%clk 0:23:36]} Qb4
{[%clk 0:22:07]} 26. Nb1 {[%clk 0:21:38]} Rb8 {[%clk 0:20:31]} 27. Ba3
{[%clk 0:21:44]} Qxb3 {[%clk 0:20:48]} 28. Qxb3 {[%clk 0:21:58]} Rxb3
{[%clk 0:21:13]} 29. Bxc5 {[%clk 0:22:13]} Rxb1 {[%clk 0:21:21]} 30. Rxb1
{[%clk 0:22:07]} Bxc5 {[%clk 0:21:45]} 31. Rec1 {[%clk 0:22:12]} Bc4
{[%clk 0:18:43]} 32. Rb7 {[%clk 0:21:56]} Re7 {[%clk 0:18:15]} 33. Rb8+
{[%clk 0:21:39]} Kg7 {[%clk 0:18:35]} 34. Rc8 {[%clk 0:21:23]} Bb6
{[%clk 0:17:32]} 35. Ra1 {[%clk 0:19:23]} Rc7 {[%clk 0:14:37]} 36. Re8
{[%clk 0:19:05]} d4 {[%clk 0:12:47]} 37. a5 {[%clk 0:15:12]} Bc5 {[%clk 0:13:11]}
38. Rxe5 {[%clk 0:14:30]} d3 {[%clk 0:13:35]} 39. Rd1 {[%clk 0:12:35]} Bb4
{[%clk 0:13:50]} 40. Re4 {[%clk 0:40:17]} d2 {[%clk 0:44:12]} 41. Rd4
{[%clk 0:40:31]} Be2 {[%clk 0:44:13]} 0-1

[Event "Open A"]
[Site "Polanica-Zdroj"]
[Date "2017.08.19"]
[Round "1.2"]
[White "Cyborowski, Lukasz"]
[Black "Musial, Tomasz"]
[Result "1-0"]
[BlackElo "1979"]
[WhiteElo "2532"]
[LiveChessVersion "1.4.8"]

1. c4 {[%clk 1:30:56]} Nf6 {[%clk 1:29:59]} 2. Nc3 {[%clk 1:31:17]} c5
{[%clk 1:28:44]} 3. Nf3 {[%clk 1:31:18]} Nc6 {[%clk 1:24:59]} 4. d4
{[%clk 1:28:22]} cxd4 {[%clk 1:24:11]} 5. Nxd4 {[%clk 1:28:42]} g6
{[%clk 1:24:00]} 6. g3 {[%clk 1:28:07]} Bg7 {[%clk 1:23:20]} 7. Bg2
{[%clk 1:28:32]} O-O {[%clk 1:23:00]} 8. O-O {[%clk 1:28:58]} Nxd4
{[%clk 1:21:34]} 9. Qxd4 {[%clk 1:28:50]} d6 {[%clk 1:20:40]} 10. Qd3
{[%clk 1:28:49]} Qc7 {[%clk 1:16:41]} 11. Nb5 {[%clk 1:22:48]} Qd7
{[%clk 1:10:28]} 12. Bf4 {[%clk 1:13:35]} a6 {[%clk 1:09:03]} 13. Nc3
{[%clk 1:13:57]} Qc7 {[%clk 1:03:24]} 14. Rac1 {[%clk 1:08:53]} Nh5
{[%clk 0:59:24]} 15. Be3 {[%clk 1:01:02]} Be6 {[%clk 0:52:48]} 16. Na4
{[%clk 1:00:55]} Rab8 {[%clk 0:48:45]} 17. b3 {[%clk 0:59:54]} Nf6
{[%clk 0:47:26]} 18. c5 {[%clk 0:58:15]} Bf5 {[%clk 0:41:28]} 19. Qd2
{[%clk 0:51:49]} d5 {[%clk 0:38:23]} 20. Rfd1 {[%clk 0:50:59]} Rfd8
{[%clk 0:35:54]} 21. Bf4 {[%clk 0:48:12]} e5 {[%clk 0:36:15]} 22. Bg5
{[%clk 0:48:38]} d4 {[%clk 0:32:12]} 23. Nb6 {[%clk 0:48:02]} Be6
{[%clk 0:24:05]} 24. b4 {[%clk 0:45:36]} Re8 {[%clk 0:21:59]} 25. h3
{[%clk 0:36:12]} Nd7 {[%clk 0:17:24]} 26. Nd5 {[%clk 0:35:15]} Bxd5
{[%clk 0:17:41]} 27. Bxd5 {[%clk 0:35:40]} Nf8 {[%clk 0:14:56]} 28. e4
{[%clk 0:30:07]} Ne6 {[%clk 0:12:58]} 29. c6 {[%clk 0:28:47]} Nxg5
{[%clk 0:10:37]} 30. Qxg5 {[%clk 0:28:54]} b5 {[%clk 0:08:34]} 31. h4
{[%clk 0:27:56]} Bf8 {[%clk 0:06:54]} 32. Rd3 {[%clk 0:24:38]} Be7
{[%clk 0:05:47]} 33. Qh6 {[%clk 0:24:43]} Bf8 {[%clk 0:05:50]} 34. Qd2
{[%clk 0:25:08]} Kg7 {[%clk 0:05:05]} 35. Ra3 {[%clk 0:24:21]} Rb6
{[%clk 0:04:42]} 36. Rf3 {[%clk 0:19:49]} f6 {[%clk 0:04:17]} 37. h5
{[%clk 0:20:00]} g5 {[%clk 0:03:49]} 38. Kg2 {[%clk 0:08:51]} Be7
{[%clk 0:02:41]} 39. h6+ {[%clk 0:06:49]} Kh8 {[%clk 0:02:23]} 40. Qd1
{[%clk 0:35:20]} Ra8 {[%clk 0:31:48]} 41. Rb3 {[%clk 0:34:48]} Rf8
{[%clk 0:25:44]} 42. Qg4 {[%clk 0:31:46]} Qc8 {[%clk 0:20:55]} 43. Qxc8
{[%clk 0:27:48]} Rxc8 {[%clk 0:21:17]} 44. c7 {[%clk 0:28:14]} Bd6
{[%clk 0:19:39]} 45. Rb2 {[%clk 0:28:40]} Rxc7 {[%clk 0:17:38]} 46. Rxc7
{[%clk 0:28:58]} Bxc7 {[%clk 0:18:04]} 47. Rc2 {[%clk 0:29:24]} Bd8
{[%clk 0:18:28]} 48. Rc8 {[%clk 0:29:50]} Rd6 {[%clk 0:18:54]} 49. g4
{[%clk 0:29:50]} Rd7 {[%clk 0:18:22]} 50. Kf1 {[%clk 0:30:16]} Rd6
{[%clk 0:18:20]} 51. Ke2 {[%clk 0:30:44]} Rd7 {[%clk 0:18:40]} 52. Kd3
{[%clk 0:31:12]} Rd6 {[%clk 0:19:02]} 53. Be6 {[%clk 0:31:39]} 1-0

[Event "Open A"]
[Site "Polanica-Zdroj"]
[Date "2017.08.19"]
[Round "1.3"]
[White "Rosicki, Marcin"]
[Black "Shishkin, Vadim"]
[Result "0-1"]
[BlackElo "2454"]
[WhiteElo "1979"]
[LiveChessVersion "1.4.8"]

1. e4 {[%clk 1:30:58]} c5 {[%clk 1:30:56]} 2. Nf3 {[%clk 1:31:23]} Nc6
{[%clk 1:31:20]} 3. Nc3 {[%clk 1:31:48]} d6 {[%clk 1:31:04]} 4. d4
{[%clk 1:32:12]} cxd4 {[%clk 1:31:31]} 5. Nxd4 {[%clk 1:32:37]} Nf6
{[%clk 1:31:58]} 6. Be2 {[%clk 1:32:36]} e5 {[%clk 1:32:10]} 7. Nb3
{[%clk 1:31:33]} Be7 {[%clk 1:31:22]} 8. Bg5 {[%clk 1:28:45]} O-O
{[%clk 1:28:02]} 9. Bxf6 {[%clk 1:28:29]} Bxf6 {[%clk 1:28:27]} 10. Nd5
{[%clk 1:26:48]} Bg5 {[%clk 1:22:28]} 11. O-O {[%clk 1:25:31]} f5
{[%clk 1:09:58]} 12. f4 {[%clk 0:56:04]} exf4 {[%clk 0:54:57]} 13. Nxf4
{[%clk 0:54:59]} Kh8 {[%clk 0:54:55]} 14. exf5 {[%clk 0:37:05]} Bxf5
{[%clk 0:54:11]} 15. Nd3 {[%clk 0:37:14]} Be3+ {[%clk 0:45:05]} 16. Kh1
{[%clk 0:37:36]} Qg5 {[%clk 0:45:07]} 17. Bf3 {[%clk 0:21:49]} Rf6
{[%clk 0:19:32]} 18. Bxc6 {[%clk 0:13:46]} bxc6 {[%clk 0:11:32]} 19. Ne1
{[%clk 0:13:10]} Qg6 {[%clk 0:08:45]} 20. Nd4 {[%clk 0:10:36]} Be4
{[%clk 0:08:18]} 21. Rxf6 {[%clk 0:08:44]} Qxf6 {[%clk 0:08:18]} 22. Nef3
{[%clk 0:08:53]} d5 {[%clk 0:04:25]} 23. c3 {[%clk 0:06:48]} c5 {[%clk 0:04:43]}
24. Nc2 {[%clk 0:06:37]} Bf4 {[%clk 0:05:04]} 25. Qe2 {[%clk 0:04:36]} Re8
{[%clk 0:04:51]} 26. Rf1 {[%clk 0:04:42]} g5 {[%clk 0:04:27]} 27. Qf2
{[%clk 0:04:27]} Qh6 {[%clk 0:03:58]} 28. Kg1 {[%clk 0:00:47]} g4
{[%clk 0:02:47]} 29. Nh4 {[%clk 0:00:53]} Bxc2 0-1

[Event "Open A"]
[Site "Polanica-Zdroj"]
[Date "2017.08.19"]
[Round "1.4"]
[White "Voloshin, Leonid"]
[Black "Cieslak, Wiktoria"]
[Result "1-0"]
[BlackElo "1978"]
[WhiteElo "2369"]
[LiveChessVersion "1.4.8"]

1. d4 {[%clk 1:30:50]} Nf6 {[%clk 1:30:51]} 2. c4 e6 3. Nf3 {[%clk 1:30:59]} b6
4. a3 Bb7 {[%clk 1:31:34]} 5. Nc3 {[%clk 1:31:45]} d6 {[%clk 1:31:33]} 6. d5
{[%clk 1:31:19]} e5 {[%clk 1:31:47]} 7. e4 {[%clk 1:31:37]} a5 {[%clk 1:31:47]}
8. Be2 {[%clk 1:30:47]} g6 {[%clk 1:30:00]} 9. h3 {[%clk 1:27:16]} Bg7
{[%clk 1:26:14]} 10. Be3 {[%clk 1:27:19]} Nbd7 {[%clk 1:24:28]} 11. Nd2
{[%clk 1:26:44]} Qe7 {[%clk 1:15:19]} 12. Qc2 {[%clk 1:24:37]} h5
{[%clk 1:09:56]} 13. Nb5 {[%clk 1:11:59]} Nc5 {[%clk 1:08:05]} 14. O-O
{[%clk 1:10:15]} O-O {[%clk 1:05:45]} 15. b4 {[%clk 1:08:48]} axb4
{[%clk 1:05:39]} 16. axb4 {[%clk 1:09:15]} Rxa1 {[%clk 1:05:34]} 17. Rxa1
{[%clk 1:09:43]} Na6 18. Ra4 Kh7 {[%clk 1:02:10]} 19. Qa2 {[%clk 0:52:07]} Ra8
{[%clk 1:02:00]} 20. Qa3 {[%clk 0:52:24]} Qd8 {[%clk 1:00:23]} 21. Nc3
{[%clk 0:51:02]} Qc8 {[%clk 0:58:02]} 22. Nb3 {[%clk 0:39:46]} Bh6
{[%clk 0:52:42]} 23. Bxh6 {[%clk 0:37:29]} Kxh6 {[%clk 0:53:03]} 24. c5
{[%clk 0:28:09]} bxc5 {[%clk 0:52:34]} 25. Bxa6 {[%clk 0:25:51]} Rxa6
{[%clk 0:52:33]} 26. bxc5 {[%clk 0:26:11]} Rxa4 {[%clk 0:52:14]} 27. Qxa4
{[%clk 0:26:20]} Qa8 {[%clk 0:51:06]} 28. Qxa8 {[%clk 0:26:29]} Bxa8
{[%clk 0:41:07]} 29. c6 {[%clk 0:26:32]} Ne8 {[%clk 0:40:40]} 30. Kf1
{[%clk 0:25:53]} f5 {[%clk 0:40:51]} 31. Ke2 {[%clk 0:25:35]} Kg5
{[%clk 0:40:42]} 32. Kd3 {[%clk 0:25:24]} fxe4+ {[%clk 0:40:18]} 33. Nxe4+
{[%clk 0:25:28]} Kf4 {[%clk 0:40:06]} 34. Nbd2 {[%clk 0:23:16]} Kf5
{[%clk 0:35:57]} 35. Kc4 {[%clk 0:18:28]} Nf6 {[%clk 0:35:54]} 36. Nxf6
{[%clk 0:18:31]} Kxf6 {[%clk 0:36:17]} 37. Ne4+ {[%clk 0:17:55]} Kf5
{[%clk 0:36:35]} 38. Nc3 {[%clk 0:17:59]} g5 {[%clk 0:36:34]} 39. Nb5
{[%clk 0:17:53]} 1-0

[Event "Open A"]
[Site "Polanica-Zdroj"]
[Date "2017.08.19"]
[Round "1.5"]
[White "Nyvlt, Otto"]
[Black "Goluch, Piotr"]
[Result "1/2-1/2"]
[BlackElo "2360"]
[WhiteElo "1964"]
[LiveChessVersion "1.4.8"]

1. d4 {[%clk 1:30:57]} Nf6 {[%clk 1:30:55]} 2. c4 {[%clk 1:31:19]} c5
{[%clk 1:31:20]} 3. d5 {[%clk 1:31:33]} b5 {[%clk 1:31:44]} 4. Nf3
{[%clk 1:26:35]} bxc4 {[%clk 1:30:18]} 5. Nc3 {[%clk 1:24:31]} d6
{[%clk 1:27:17]} 6. e4 {[%clk 1:22:26]} g6 {[%clk 1:25:30]} 7. Bxc4
{[%clk 1:22:45]} Bg7 {[%clk 1:25:56]} 8. O-O {[%clk 1:22:51]} O-O
{[%clk 1:26:11]} 9. h3 {[%clk 1:19:54]} Nbd7 {[%clk 1:23:59]} 10. Bf4
{[%clk 1:16:20]} Nb6 {[%clk 1:20:19]} 11. Bd3 {[%clk 1:12:01]} Nfd7
{[%clk 1:17:22]} 12. Qd2 {[%clk 1:01:28]} Re8 {[%clk 1:12:08]} 13. Rfe1
{[%clk 0:56:16]} Bb7 {[%clk 1:09:56]} 14. Rad1 {[%clk 0:52:18]} Qc7
{[%clk 1:06:59]} 15. Rc1 {[%clk 0:45:18]} a6 {[%clk 1:02:19]} 16. Nd1
{[%clk 0:40:29]} a5 {[%clk 0:57:38]} 17. b3 {[%clk 0:38:37]} Ba6 {[%clk 0:57:02]}
18. Bxa6 {[%clk 0:34:15]} Rxa6 {[%clk 0:56:51]} 19. Ne3 {[%clk 0:30:52]} Qb7
{[%clk 0:52:59]} 20. Ng4 {[%clk 0:30:10]} a4 {[%clk 0:44:40]} 21. Nh6+
{[%clk 0:22:08]} Bxh6 {[%clk 0:43:22]} 22. Bxh6 {[%clk 0:22:34]} axb3
{[%clk 0:42:24]} 23. Qc3 {[%clk 0:18:50]} f6 {[%clk 0:42:43]} 24. axb3
{[%clk 0:18:02]} Na8 {[%clk 0:42:37]} 25. Nd2 {[%clk 0:11:50]} Rb6
{[%clk 0:42:55]} 26. h4 {[%clk 0:10:00]} Ne5 {[%clk 0:37:00]} 27. Qg3
{[%clk 0:05:21]} Nf7 {[%clk 0:34:01]} 28. Bf4 {[%clk 0:04:59]} Kh8
{[%clk 0:32:27]} 29. Ra1 {[%clk 0:04:20]} Nc7 {[%clk 0:31:29]} 30. Ra4
{[%clk 0:04:07]} Ra8 {[%clk 0:29:35]} 31. Rxa8+ {[%clk 0:03:40]} Qxa8
{[%clk 0:28:12]} 32. Qh3 {[%clk 0:04:07]} Rb7 {[%clk 0:27:45]} 33. Be3
{[%clk 0:03:41]} Qe8 {[%clk 0:24:11]} 34. Ra1 {[%clk 0:04:05]} e6
{[%clk 0:22:48]} 35. h5 {[%clk 0:03:53]} Kg7 {[%clk 0:19:32]} 36. dxe6
{[%clk 0:03:37]} Nxe6 {[%clk 0:19:58]} 37. f4 {[%clk 0:03:41]} Nc7
{[%clk 0:18:29]} 38. Kh2 {[%clk 0:03:01]} Nb5 {[%clk 0:17:12]} 39. Rh1
{[%clk 0:03:21]} Qd7 {[%clk 0:12:15]} 40. Qh4 {[%clk 0:32:53]} Qe6
{[%clk 0:39:24]} 41. Kg1 {[%clk 0:32:43]} g5 {[%clk 0:33:36]} 42. fxg5
{[%clk 0:31:56]} fxg5 {[%clk 0:34:02]} 43. Bxg5 {[%clk 0:26:33]} Nd4
{[%clk 0:34:29]} 44. Rh3 {[%clk 0:25:10]} h6 {[%clk 0:31:33]} 45. Be3
{[%clk 0:25:00]} Kh7 {[%clk 0:31:16]} 46. Bxd4 {[%clk 0:20:41]} cxd4
{[%clk 0:31:42]} 47. Rd3 {[%clk 0:17:53]} Ne5 {[%clk 0:32:08]} 48. Rxd4
{[%clk 0:16:25]} Rg7 {[%clk 0:32:17]} 49. Ra4 {[%clk 0:14:32]} Qc8
{[%clk 0:31:37]} 50. Qf2 {[%clk 0:13:32]} Kg8 {[%clk 0:27:33]} 51. Ra1
{[%clk 0:09:48]} Rf7 {[%clk 0:26:26]} 52. Qd4 {[%clk 0:09:46]} Qg4
{[%clk 0:26:28]} 53. Rf1 {[%clk 0:06:04]} Rg7 {[%clk 0:26:54]} 54. Qf2
{[%clk 0:04:14]} Rf7 {[%clk 0:26:59]} 55. Qe3 {[%clk 0:04:02]} Rg7
{[%clk 0:25:35]} 56. Qf2 {[%clk 0:04:30]} Rf7 {[%clk 0:26:01]} 57. Qe3
{[%clk 0:04:56]} Qxh5 {[%clk 0:24:23]} 58. Rxf7 {[%clk 0:05:11]} Kxf7
{[%clk 0:24:19]} 59. Nf3 {[%clk 0:04:07]} Ng4 {[%clk 0:23:07]} 60. Qf4+
{[%clk 0:03:30]} Ke7 {[%clk 0:21:11]} 61. Qf5 {[%clk 0:02:44]} Qxf5
{[%clk 0:21:33]} 62. exf5 {[%clk 0:03:09]} Kf6 {[%clk 0:21:41]} 63. b4
{[%clk 0:03:03]} Kxf5 {[%clk 0:21:37]} 64. b5 Ke6 {[%clk 0:20:48]} 65. g3
{[%clk 0:01:20]} Kd5 {[%clk 0:21:08]} 66. Kg2 {[%clk 0:01:37]} Kc5
{[%clk 0:21:26]} 67. Kh3 {[%clk 0:02:02]} Nf6 {[%clk 0:21:07]} 68. g4
{[%clk 0:01:43]} Kxb5 {[%clk 0:21:33]} 69. g5 {[%clk 0:02:05]} hxg5
{[%clk 0:22:02]} 70. Nxg5 {[%clk 0:02:30]} Kc4 {[%clk 0:22:25]} 71. Kg3
{[%clk 0:02:51]} Kd3 {[%clk 0:22:50]} 72. Ne6 {[%clk 0:01:44]} Ke4
{[%clk 0:23:07]} 73. Ng5+ {[%clk 0:01:38]} Ke3 {[%clk 0:23:20]} 74. Ne6
{[%clk 0:01:16]} d5 {[%clk 0:23:36]} 75. Ng7 {[%clk 0:00:41]} Ne4+
{[%clk 0:23:38]} 76. Kg2 {[%clk 0:01:07]} Nd6 {[%clk 0:23:36]} 77. Ne6
{[%clk 0:01:25]} Nf5 {[%clk 0:23:59]} 78. Kf1 {[%clk 0:01:37]} Nd4
{[%clk 0:24:24]} 79. Nc7 {[%clk 0:01:58]} Ke4 {[%clk 0:24:45]} 80. Nxd5 1/2-1/2

[Event "Open A"]
[Site "Polanica-Zdroj"]
[Date "2017.08.19"]
[Round "1.6"]
[White "Kucza, Karol"]
[Black "Keely, Leo A"]
[Result "1-0"]
[BlackElo "1962"]
[WhiteElo "2320"]
[LiveChessVersion "1.4.8"]

1. e4 {[%clk 1:30:57]} d5 {[%clk 1:30:47]} 2. exd5 {[%clk 1:31:19]} Nf6
{[%clk 1:31:11]} 3. d4 {[%clk 1:31:43]} Bg4 {[%clk 1:31:25]} 4. f3
{[%clk 1:31:46]} Bf5 {[%clk 1:31:35]} 5. Bb5+ {[%clk 1:31:54]} c6
{[%clk 1:30:22]} 6. dxc6 {[%clk 1:32:15]} Nxc6 {[%clk 1:30:46]} 7. Ne2
{[%clk 1:32:38]} Qb6 {[%clk 1:24:48]} 8. Nbc3 {[%clk 1:32:57]} O-O-O
{[%clk 1:20:10]} 9. Bxc6 {[%clk 1:18:04]} Qxc6 {[%clk 1:19:00]} 10. Bf4
{[%clk 1:15:55]} g5 {[%clk 1:08:57]} 11. Be5 {[%clk 1:04:24]} g4 {[%clk 1:04:06]}
12. Ng3 {[%clk 1:02:11]} Be6 {[%clk 1:00:20]} 13. O-O {[%clk 0:57:28]} Rg8
{[%clk 0:58:10]} 14. a4 {[%clk 0:48:02]} a6 {[%clk 0:52:05]} 15. Nge4
{[%clk 0:36:47]} Bc4 {[%clk 0:43:23]} 16. Re1 {[%clk 0:34:06]} Bg7
{[%clk 0:35:56]} 17. Nc5 {[%clk 0:25:05]} Nd5 {[%clk 0:32:05]} 18. Nb5
{[%clk 0:22:22]} Qb6 {[%clk 0:27:15]} 19. Na3 {[%clk 0:20:30]} Bxe5
{[%clk 0:24:37]} 20. Rxe5 {[%clk 0:20:28]} Nf4 {[%clk 0:17:41]} 21. Nxc4
{[%clk 0:18:32]} Qb4 {[%clk 0:17:14]} 22. Nd3 {[%clk 0:16:09]} Nxd3
{[%clk 0:15:51]} 23. Qxd3 {[%clk 0:16:25]} gxf3 {[%clk 0:15:15]} 24. Qxf3
{[%clk 0:11:59]} Kb8 {[%clk 0:10:24]} 25. Qc3 {[%clk 0:10:33]} Qxc3
{[%clk 0:03:44]} 26. bxc3 {[%clk 0:10:58]} e6 {[%clk 0:03:52]} 1-0

[Event "Open A"]
[Site "Polanica-Zdroj"]
[Date "2017.08.19"]
[Round "1.8"]
[White "Velecky, Viktor"]
[Black "Slomczewski, Michal"]
[Result "0-1"]
[BlackElo "1956"]
[WhiteElo "2083"]
[LiveChessVersion "1.4.8"]

1. c4 {[%clk 1:30:52]} e6 {[%clk 1:30:49]} 2. g3 {[%clk 1:30:15]} d5
{[%clk 1:30:42]} 3. Bg2 {[%clk 1:30:33]} Nf6 {[%clk 1:25:20]} 4. e3
{[%clk 1:29:20]} dxc4 {[%clk 1:19:16]} 5. Qa4+ {[%clk 1:29:40]} Bd7
{[%clk 1:19:09]} 6. Qxc4 {[%clk 1:29:49]} Bc6 {[%clk 1:18:29]} 7. Nf3
{[%clk 1:28:49]} Bd6 {[%clk 1:13:14]} 8. Nc3 {[%clk 1:27:53]} Nbd7
{[%clk 1:12:21]} 9. d4 {[%clk 1:24:57]} a6 {[%clk 1:06:33]} 10. a3
{[%clk 1:22:53]} Qe7 {[%clk 0:59:48]} 11. O-O {[%clk 1:22:58]} O-O
{[%clk 0:59:56]} 12. Re1 {[%clk 1:21:33]} Ne4 {[%clk 0:56:39]} 13. Qd3
{[%clk 1:18:59]} f5 {[%clk 0:51:26]} 14. Nd2 {[%clk 1:12:27]} Nxd2
{[%clk 0:49:26]} 15. Bxc6 {[%clk 1:10:45]} Nb3 {[%clk 0:48:36]} 16. Nd5
{[%clk 1:11:02]} Qf7 {[%clk 0:48:49]} 17. Qxb3 {[%clk 1:06:36]} bxc6
{[%clk 0:49:11]} 18. Nf4 {[%clk 1:05:45]} Rae8 {[%clk 0:41:09]} 19. Bd2
{[%clk 1:05:27]} c5 {[%clk 0:29:16]} 20. Rac1 {[%clk 1:03:15]} g5
{[%clk 0:27:31]} 21. Nd3 {[%clk 1:01:43]} f4 {[%clk 0:22:57]} 22. exf4
{[%clk 0:55:48]} cxd4 {[%clk 0:22:45]} 23. Re4 {[%clk 0:46:12]} gxf4
{[%clk 0:17:29]} 24. Bxf4 {[%clk 0:44:33]} e5 {[%clk 0:17:47]} 25. Qxf7+
{[%clk 0:43:34]} Rxf7 {[%clk 0:18:15]} 26. Bg5 {[%clk 0:37:41]} Rf3
{[%clk 0:17:16]} 27. Rd1 {[%clk 0:33:48]} c5 {[%clk 0:07:53]} 28. Kg2
{[%clk 0:33:44]} Rf5 {[%clk 0:04:57]} 29. Rg4 {[%clk 0:29:09]} h5
{[%clk 0:04:49]} 30. Be7+ {[%clk 0:29:10]} hxg4 {[%clk 0:05:14]} 31. Bxd6
{[%clk 0:29:34]} c4 {[%clk 0:04:35]} 32. Nc5 {[%clk 0:29:30]} Nxc5
{[%clk 0:04:21]} 33. Bxc5 {[%clk 0:29:55]} Rc8 {[%clk 0:04:23]} 34. Bb4
{[%clk 0:30:14]} Kf7 {[%clk 0:04:20]} 35. Rd2 {[%clk 0:30:22]} Ke6
{[%clk 0:03:37]} 36. h3 {[%clk 0:30:44]} gxh3+ {[%clk 0:03:48]} 37. Kxh3
{[%clk 0:31:09]} Rf3 {[%clk 0:03:27]} 38. Kg2 {[%clk 0:30:57]} Rb3
{[%clk 0:03:13]} 39. f4 {[%clk 0:30:30]} c3 {[%clk 0:02:04]} 40. bxc3
{[%clk 1:00:11]} dxc3 {[%clk 0:32:24]} 41. Rd6+ {[%clk 0:57:46]} Kf5
{[%clk 0:32:08]} 0-1

[Event "Open A"]
[Site "Polanica-Zdroj"]
[Date "2017.08.19"]
[Round "1.9"]
[White "Maruszczak, Joanna"]
[Black "Kyc, Jerzy"]
[Result "1/2-1/2"]
[BlackElo "2251"]
[WhiteElo "1929"]
[LiveChessVersion "1.4.8"]

1. e4 c5 2. Nf3 d6 3. Bb5+ Bd7 4. c4 Nc6 5. d4 cxd4 6. Nxd4 Nf6 7. Nc3 g6 8. O-O
Bg7 9. h3 O-O 10. Be3 a6 11. Bxc6 bxc6 12. c5 dxc5 13. Nb3 c4 14. Nd2 Be6 15. Qa4
Rb8 16. Rab1 Qc8 17. Nxc4 Bxh3 18. gxh3 Qxh3 19. Bf4 Rb5 20. Nxb5 Qg4+ 21. Bg3
axb5 22. Qd1 bxc4 23. Qxg4 Nxg4 24. Rfc1 Ra8 25. Rxc4 Rxa2 26. Rxc6 Bd4 27. Rc2
f5 28. exf5 gxf5 29. Kg2 e5 30. Rd2 Kf7 31. Kh3 Nf6 32. f3 Ke6 33. Re1 Bc3 34.
bxc3 Rxd2 35. Rxe5+ Kf7 36. Rxf5 Kg6 37. Rf4 Rd3 38. c4 Nh5 39. Rg4+ Kf5 40. Kh4
Nf6 41. Rg5+ Ke6 42. Re5+ Kf7 43. Rf5 Kg6 44. Rg5+ Kf7 45. Rf5 1/2-1/2

[Event "Open A"]
[Site "Polanica-Zdroj"]
[Date "2017.08.19"]
[Round "1.10"]
[White "Bugalski, Michal"]
[Black "Jankowiak, Tomasz"]
[Result "1-0"]
[BlackElo "1905"]
[WhiteElo "2250"]
[LiveChessVersion "1.4.8"]

1. e4 {[%clk 1:30:55]} d6 {[%clk 1:30:47]} 2. g3 {[%clk 1:29:59]} Nf6
{[%clk 1:28:57]} 3. Bg2 {[%clk 1:30:22]} e5 {[%clk 1:28:55]} 4. d3
{[%clk 1:29:02]} Be7 {[%clk 1:28:56]} 5. f4 {[%clk 1:28:18]} exf4
{[%clk 1:17:28]} 6. Bxf4 {[%clk 1:28:07]} O-O {[%clk 1:16:37]} 7. Nc3
{[%clk 1:25:46]} c6 {[%clk 1:15:24]} 8. d4 {[%clk 1:22:21]} Na6 {[%clk 1:07:25]}
9. Nge2 {[%clk 1:16:47]} Nc7 {[%clk 0:50:08]} 10. h3 {[%clk 1:15:41]} Re8
{[%clk 0:44:48]} 11. Qd2 {[%clk 1:15:10]} b5 {[%clk 0:36:37]} 12. a3
{[%clk 1:08:07]} Bb7 {[%clk 0:36:44]} 13. O-O {[%clk 1:07:33]} d5
{[%clk 0:34:41]} 14. e5 {[%clk 1:03:15]} Nd7 {[%clk 0:34:40]} 15. Nd1
{[%clk 0:45:52]} Nb6 {[%clk 0:34:31]} 16. b3 {[%clk 0:44:33]} Bc8
{[%clk 0:33:45]} 17. g4 {[%clk 0:43:31]} Be6 {[%clk 0:25:55]} 18. Qc3
{[%clk 0:36:56]} Qd7 {[%clk 0:24:15]} 19. Nb2 {[%clk 0:29:41]} a6
{[%clk 0:20:57]} 20. Nd3 {[%clk 0:29:06]} Bf8 {[%clk 0:19:47]} 21. Nb4
{[%clk 0:26:30]} Rec8 {[%clk 0:19:51]} 22. Nd3 {[%clk 0:23:38]} Ra7
{[%clk 0:19:20]} 23. Nc5 {[%clk 0:23:22]} Qe8 {[%clk 0:19:18]} 24. Qe3
{[%clk 0:22:14]} Bd7 {[%clk 0:18:18]} 25. Rf2 {[%clk 0:18:18]} Ne6
{[%clk 0:15:05]} 26. Bg3 {[%clk 0:16:51]} Nd8 {[%clk 0:15:08]} 27. Raf1
{[%clk 0:15:53]} Be6 {[%clk 0:15:01]} 28. Nf4 {[%clk 0:15:49]} Na8
{[%clk 0:12:54]} 29. Bh4 {[%clk 0:13:22]} Be7 {[%clk 0:12:33]} 30. Bxe7
{[%clk 0:10:29]} Rxe7 {[%clk 0:10:20]} 31. Nh5 {[%clk 0:10:32]} Qf8
{[%clk 0:09:45]} 32. Nxa6 {[%clk 0:08:18]} Ra7 {[%clk 0:09:29]} 33. Nc5
{[%clk 0:08:41]} Rxa3 {[%clk 0:09:47]} 34. Qg5 {[%clk 0:08:08]} Ra7
{[%clk 0:08:45]} 35. Ng3 {[%clk 0:05:05]} Qe7 {[%clk 0:05:22]} 36. Qe3
{[%clk 0:04:33]} g6 {[%clk 0:03:43]} 37. c4 {[%clk 0:03:02]} bxc4
{[%clk 0:03:21]} 38. bxc4 {[%clk 0:03:31]} Nb6 {[%clk 0:03:42]} 39. cxd5
{[%clk 0:03:20]} cxd5 {[%clk 0:04:04]} 40. Qh6 {[%clk 0:30:56]} Nd7
{[%clk 0:31:06]} 41. Nxd7 {[%clk 0:21:59]} Rxd7 {[%clk 0:25:14]} 42. Nf5
{[%clk 0:19:16]} Qf8 {[%clk 0:24:35]} 43. Qg5 {[%clk 0:19:05]} Rc4
{[%clk 0:16:28]} 44. Ra2 {[%clk 0:18:44]} Rc8 {[%clk 0:11:51]} 45. Ra5
{[%clk 0:16:10]} Bxf5 {[%clk 0:06:12]} 46. gxf5 {[%clk 0:16:37]} Qb4
{[%clk 0:06:35]} 47. e6 {[%clk 0:16:06]} fxe6 {[%clk 0:05:07]} 48. fxg6
{[%clk 0:15:18]} Qxd4+ {[%clk 0:03:45]} 49. Kh1 {[%clk 0:15:38]} hxg6
{[%clk 0:03:35]} 50. Qxg6+ {[%clk 0:15:45]} Qg7 {[%clk 0:04:02]} 51. Qe8+
{[%clk 0:15:15]} Kh7 {[%clk 0:04:29]} 52. Be4+ {[%clk 0:15:08]} Kh6
{[%clk 0:04:23]} 53. Rg1 {[%clk 0:14:26]} Re7 {[%clk 0:01:22]} 54. Rg6+
{[%clk 0:14:40]} Kh5 {[%clk 0:01:50]} 55. Bf3+ {[%clk 0:14:55]} Kh4
{[%clk 0:02:20]} 56. Qa4+ {[%clk 0:15:02]} Rc4 {[%clk 0:02:15]} 57. Qxc4+
{[%clk 0:15:24]} dxc4 {[%clk 0:02:40]} 58. Rh5# 1-0